50 Cities of 50 States Quiz - VERY EASY Version - Statistics

General Stats
  • This quiz has been taken 147 times
  • The average score is 36 of 50
Answer Stats
Hint Answer % Correct
Albany New York
96%
Austin Texas
94%
Miami Florida
93%
Portland Oregon
90%
New Orleans Louisiana
88%
Providence Rhode Island
87%
Little Rock Arkansas
86%
Kahului Hawaii
86%
Jackson Mississippi
86%
Anchorage Alaska
85%
Louisville Kentucky
84%
Saint Paul Minnesota
83%
Kansas City Missouri
83%
Albuquerque New Mexico
83%
Boise Idaho
82%
Baltimore Maryland
82%
Charlotte North Carolina
81%
Cheyenne Wyoming
81%
New Haven Connecticut
80%
Reno Nevada
80%
Atlantic City New Jersey
80%
Tucson Arizona
79%
Omaha Nebraska
79%
Mobile Alabama
78%
Wichita Kansas
78%
Myrtle Beach South Carolina
78%
Spokane Washington
78%
Knoxville Tennessee
76%
Anaheim California
75%
Grand Rapids Michigan
75%
Tulsa Oklahoma
75%
Green Bay Wisconsin
71%
Boulder Colorado
70%
Fargo North Dakota
68%
Dayton Ohio
65%
Burlington Vermont
63%
Athens Georgia
62%
Cambridge Massachusetts
62%
Billings Montana
62%
Bangor Maine
59%
Norfolk Virginia
59%
Cedar Rapids Iowa
57%
Erie Pennsylvania
57%
Provo Utah
57%
Wilmington Delaware
54%
Manchester New Hampshire
50%
Peoria Illinois
49%
Rapid City South Dakota
47%
Bloomington Indiana
43%
Huntington West Virginia
32%
No matching quizzes found
Score Distribution
Percent of People with Each Score
Percentile by Number Answered
Your Score History
You have not taken this quiz